Представление документа в формате RUSMARC

ПолеНазваниеЗначение
  Тип записи a
  Библиографический уровень a
001 Контрольный номер RU/CBS_UL/BASE/573213569
005 Дата корректировки 20240209175114.1
100 Данные общей обработки __
a Данные общей обработки 20180301d2018 ||| 0rusy0189 ca
101 Язык документа 0_
a Язык текста rus
102 Страна публикации __
a Страна публикации RU
105 Кодированные данные (монография) __
a Кодированные данные (монография) y###||||000|y
200 Заглавие и сведения об ответственности 1_
a Заглавие Заповедный уголок
e Сведения, относящиеся к заглавию [120 лет со дня рождения человека, который более всего гордился ванием "Симбирский зодчий" - Ливчак Ф.О.]
300 Общие примечания __
a Общие примечания Ограничения по возрасту - 12+
461 Уровень набора _0
1 2000
a Мономах
463 Уровень физической единицы _0
1 001RU/CBS_UL/BASE/573142025
1 2000
a № 1
v С. 25
1 210
d 1994
600 Персоналии _0
a Персоналии (Фамилия) Ливчак
b Персоналии (Имя, инициалы) Ф.О.
606 Тематические рубрики 0_
a Основная рубрика Ливчак, Федор Осипович (1878 - 1919)
610 Ключевые слова 0_
a Ключевые слова архитекторы
610 Ключевые слова 0_
a Ключевые слова инженеры
610 Ключевые слова 0_
a Ключевые слова архитектура
610 Ключевые слова 0_
a Ключевые слова модерн
686 Индексы других классификаций __
a Классификационный индекс 85.113(2)
2 Код системы ББК
801 Источник записи _0
a Страна RU
b Организация МБУК ЦБС г. Ульяновска
c Дата составления 20180301
g Правила каталогизации RCR
801 Источник записи _1
a Страна RU
b Организация МБУК ЦБС г. Ульяновска
c Дата составления 20180301
g Правила каталогизации RCR
900 Электронные ресурсы __
a Имя электронного ресурса Заповедный
901 Тип документа __
t Тип документа b
w Контрольный № источника RU/CBS_UL/BASE/573142025
910 Корректоры записи __
a Корректор записи Нецеевский
938 Служебная информация __
a Имя БД kraeved